000 00556nam a22002057a 4500
003 OSt
005 20180830133224.0
008 180830b xxu||||| |||| 00| 0 eng d
020 _a9780073051628
040 _cDDC
082 _a590LYT 2009
100 _aLytle,F.Charles;Meyers,R.John;
_912664
245 _aGeneral Zoology: Laboratory Guide
250 _a15th ed
260 _aBoston,
_bMC Graw Hill higher Education.
_c2009.
300 _axxiv,376p;
_bcol,ill;
_c27cm.
504 _aincludes index.
650 _aZoology.
_98070
942 _2ddc
_cO_SHELF
999 _c6127
_d6127